Statistiques concernant Communes de l'île d'Oléron

Cliquez ici pour prendre le quiz!

Statistiques générales

  • Ce quiz a été pris 15 fois
  • Le résultat moyen est 5 sur 8

Statistiques - réponses

Réponse% Correct
Saint-Pierre-d'Oléron
87%
Le Château-d'Oléron
80%
Saint-Denis-d'Oléron
73%
Dolus-d'Oléron
67%
Saint-Georges-d'Oléron
60%
Saint-Trojan-les-Bains
47%
La Brée-les-Bains
33%
Le Grand-Village-Plage
33%

Distribution des résultats

Percentile par nombre de réponses

% des personnes avec chaque résultat

Votre développement - résultats

Vous n’avez pas pris ce quiz